Etylen và ứng dụng trong trồng trọt /
Gorde:
| Egile nagusia: | |
|---|---|
| Beste egile batzuk: | , |
| Formatua: | Sách giấy |
| Hizkuntza: | Vietnamese |
| Argitaratua: |
H. :
Nông nghiệp,
2000
|
| Etiketak: |
Etiketa erantsi
Etiketarik gabe, Izan zaitez lehena erregistro honi etiketa jartzen!
|
| Thư viện lưu trữ: | Thư viện Trường Đại học Đà Lạt |
|---|
| LEADER | 00822nam a2200301 4500 | ||
|---|---|---|---|
| 001 | DLU030022725 | ||
| 003 | ##DLU | ||
| 005 | ##20021230 | ||
| 008 | ##021230t vn z000 vie d | ||
| 040 | # | # | |a DLU |b vie |
| 041 | # | # | |a vie |
| 044 | # | # | |a vn |
| 082 | # | # | |a 631.58 |b NG-T |
| 100 | # | # | |a Nguyễn Quang Thạch |e chủ biên |
| 245 | # | # | |a Etylen và ứng dụng trong trồng trọt / |c Nguyễn Quang Thạch chủ biên, Nguyễn Mạnh Khải, Trần Hạnh Phúc |
| 260 | # | # | |a H. : |b Nông nghiệp, |c 2000 |
| 300 | # | # | |a 74 tr. ; |c 19 cm |
| 700 | # | # | |a Nguyễn Mạnh Khải |
| 700 | # | # | |a Trần Hạnh Phúc |
| 992 | # | # | |a 2000 |
| 994 | # | # | |a DLU |
| 900 | # | # | |a True |
| 911 | # | # | |a Thái Thị Thanh Thủy |
| 925 | # | # | |a G |
| 926 | # | # | |a A |
| 927 | # | # | |a SH |
| 980 | # | # | |a Thư viện Trường Đại học Đà Lạt |